000 00621nam a22002057a 4500
008 150522b xxu||||| |||| 00| 0 eng d
020 _a9780071625364 (alk. paper)
020 _a0071625364 (alk. paper)
041 0 _aeng
080 _a339.138
100 _aGilbreath, Bob.
245 0 0 _aThe next evolution of marketing :
_cBob Gilbreath.
260 _aNew York :
_bMcGraw-Hill,
_cc2010.
300 _a288 f
_bme il
_c24 cm.
505 _aIndex:f.281-288
650 0 _aMarketing.
650 0 _aReklamat
650 0 _aMarrëdhëniet me klient
942 _2udc
_cBK
999 _c897
_d897